Johnny Hallyday - Choix Multiples - Statistiques

Statistiques générales
  • Ce quiz a été pris 7 093 fois
  • Le résultat moyen est 9 sur 15
Statistiques - réponses
Question Réponse % Correct
Quelle est la véritable identité de Johnny Hallyday ? Jean-Philippe Smet
96%
Avec quels autres chanteurs Johnny Hallyday formait-il le trio des Vieilles Canailles Eddy Mitchell et Jacques Dutronc
85%
Comment se prénomme la fille de Johnny Hallyday née de son union avec Nathalie Baye ? Laura
83%
Avec qui Johnny Hallyday se marie-t-il en 1996 et adopte-t-il deux enfants en 2004 et 2008 ? Laetitia Boudou
81%
A quel légende du rock américain le New York Times le compare-t-il le jour de son décès ? Elvis Presley
80%
Sur quelle île française Johnny Hallyday est-il inhumé ? Saint-Barthélémy
77%
Avec quelle chanteuse Johnny Hallyday entretient-il une relation amoureuse de 1965 à 1980 ? Sylvie Vartan
72%
Quel titre composé par son fils Johnny Hallyday a-t-il à plusieurs reprises interprété avec ce dernier ? Sang pour sang
71%
Quel chanteur écrivit le succès Je te promets, sorti en 1986 ? Jean-Jacques Goldman
67%
Quel chanteur s'impose à sa mort comme l'un de ses plus solides sosies vocaux, remportant notamment La France a un incroyable talent en 2018 ? Jean-Baptiste Guégan
60%
Quel candidat Johnny Hallyday soutient-il publiquement lors de l'élection présidentielle de 1974 ? Valéry Giscard d'Estaing
45%
Quel titre fut le premier véritable succès de Johnny Hallyday, en 1960 ? Souvenirs, Souvenirs
41%
Dans quel film de Guillaume Canet Johnny Hallyday joue-t-il son propre rôle ? Rock’n’Roll
40%
Quelle est la seule artiste a avoir placé plus de singles que Johnny Hallyday en tête du top 50 ? Mylène Farmer
25%
Quel album de Johnny Hallyday comprend notamment les titres Laura, L'Envie et J'oublierai ton nom ? Gang
24%
Aucun quiz correspondant
Distribution des résultats
% des personnes avec chaque résultat
Percentile par nombre de réponses
Votre historique - résultats
Vous n’avez pas pris ce quiz